Genetics and plant breeding (Record no. 479838)
[ view plain ]
| 000 -LEADER | |
|---|---|
| fixed length control field | 01590cas a2200541 a 4500 |
| 001 - CONTROL NUMBER | |
| control field | 11159959 |
| 003 - CONTROL NUMBER IDENTIFIER | |
| control field | ASAB |
| 005 - DATE AND TIME OF LATEST TRANSACTION | |
| control field | 20180827062548.0 |
| 007 - PHYSICAL DESCRIPTION FIXED FIELD--GENERAL INFORMATION | |
| fixed length control field | t| |
| 008 - FIXED-LENGTH DATA ELEMENTS--GENERAL INFORMATION | |
| fixed length control field | 750824d19601994pl qx p 0 a0eng |
| 010 ## - LIBRARY OF CONGRESS CONTROL NUMBER | |
| LC control number | 67033374 |
| 015 ## - NATIONAL BIBLIOGRAPHY NUMBER | |
| National bibliography number | 010750568 |
| Source | dnb |
| 016 7# - NATIONAL BIBLIOGRAPHIC AGENCY CONTROL NUMBER | |
| Record control number | 1300141 |
| Source | DNLM |
| 016 7# - NATIONAL BIBLIOGRAPHIC AGENCY CONTROL NUMBER | |
| Record control number | G04640000 |
| Source | DNLM |
| 016 7# - NATIONAL BIBLIOGRAPHIC AGENCY CONTROL NUMBER | |
| Record control number | 130892-0 |
| Source | DE-600 |
| 016 7# - NATIONAL BIBLIOGRAPHIC AGENCY CONTROL NUMBER | |
| Record control number | 008541085 |
| Source | Uk |
| 016 7# - NATIONAL BIBLIOGRAPHIC AGENCY CONTROL NUMBER | |
| Record control number | 010750568 |
| Source | de-101 |
| 016 7# - NATIONAL BIBLIOGRAPHIC AGENCY CONTROL NUMBER | |
| Record control number | 1308920 |
| Source | de-600 |
| 022 ## - INTERNATIONAL STANDARD SERIAL NUMBER | |
| International Standard Serial Number | 0016-6715 |
| Source | z |
| 030 ## - CODEN DESIGNATION | |
| CODEN | GPOLA4 |
| 035 ## - SYSTEM CONTROL NUMBER | |
| System control number | (OCoLC)ocm01570588 |
| 040 ## - CATALOGING SOURCE | |
| Original cataloging agency | DLC |
| Language of cataloging | eng |
| Transcribing agency | ASAB |
| Modifying agency | OClU |
| -- | OCoLC |
| -- | NIC |
| -- | OCoLC |
| -- | AIP |
| -- | NSDP |
| -- | DLC |
| -- | NST |
| -- | OUCA |
| -- | FU |
| -- | PPBIO |
| -- | DNAL |
| -- | DNLM |
| -- | OCoLC |
| -- | HEBIS |
| -- | GBVCP |
| -- | UKMGB |
| -- | InU |
| 041 0# - LANGUAGE CODE | |
| Language code of text/sound track or separate title | eng |
| Language code of summary or abstract | pol |
| Language code of text/sound track or separate title | rus |
| Language code of table of contents | eng |
| 042 ## - AUTHENTICATION CODE | |
| Authentication code | nsdp |
| -- | pcc |
| 050 00 - LIBRARY OF CONGRESS CALL NUMBER | |
| Classification number | SB123 |
| Item number | .G42 |
| 060 00 - NATIONAL LIBRARY OF MEDICINE CALL NUMBER | |
| Classification number | W1 |
| Item number | GE287K |
| 070 0# - NATIONAL AGRICULTURAL LIBRARY CALL NUMBER | |
| Classification number | 450 |
| Item number | G282 |
| 072 #0 - SUBJECT CATEGORY CODE | |
| Subject category code | F200 |
| 082 ## - DEWEY DECIMAL CLASSIFICATION NUMBER | |
| Edition number | 631.5 |
| 100 ## - MAIN ENTRY--PERSONAL NAME | |
| Personal name | Virendra Batra |
| 9 (RLIN) | 1262 |
| 210 0# - ABBREVIATED TITLE | |
| Abbreviated title | Genetics and plant breeding |
| 222 #0 - KEY TITLE | |
| Key title | Genetics |
| 245 00 - TITLE STATEMENT | |
| Title | Genetics and plant breeding |
| 246 31 - VARYING FORM OF TITLE | |
| Title proper/short title | plant breeding |
| 246 31 - VARYING FORM OF TITLE | |
| Title proper/short title | genetics |
| 260 ## - PUBLICATION, DISTRIBUTION, ETC. | |
| Place of publication, distribution, etc. | jaipur India |
| Name of publisher, distributor, etc. | oxford book company |
| Date of publication, distribution, etc. | c2009. |
| 300 ## - PHYSICAL DESCRIPTION | |
| Extent | 35 v. 309p: |
| Other physical details | ill. ; |
| Dimensions | 25 cm. |
| 590 ## - LOCAL NOTE (RLIN) | |
| Local note | SERBIB/SERLOC merged record |
| 650 #0 - SUBJECT ADDED ENTRY--TOPICAL TERM | |
| Topical term or geographic name entry element | Plant breeding |
| Form subdivision | Periodicals. |
| 9 (RLIN) | 1263 |
| 650 #0 - SUBJECT ADDED ENTRY--TOPICAL TERM | |
| Topical term or geographic name entry element | Crops |
| General subdivision | Genetics |
| Form subdivision | Periodicals. |
| 9 (RLIN) | 1264 |
| 650 #0 - SUBJECT ADDED ENTRY--TOPICAL TERM | |
| Topical term or geographic name entry element | Genetics |
| Form subdivision | Periodicals. |
| 9 (RLIN) | 1265 |
| 650 #0 - SUBJECT ADDED ENTRY--TOPICAL TERM | |
| Topical term or geographic name entry element | Heredity |
| Form subdivision | Periodicals. |
| 9 (RLIN) | 1266 |
| 650 #2 - SUBJECT ADDED ENTRY--TOPICAL TERM | |
| Topical term or geographic name entry element | Genetics |
| Form subdivision | Periodicals. |
| 9 (RLIN) | 1267 |
| 650 #2 - SUBJECT ADDED ENTRY--TOPICAL TERM | |
| Topical term or geographic name entry element | Plants |
| Form subdivision | Periodicals. |
| 9 (RLIN) | 1268 |
| 906 ## - LOCAL DATA ELEMENT F, LDF (RLIN) | |
| a | 7 |
| b | cbc |
| c | serials |
| d | 2 |
| e | ncip |
| f | 19 |
| g | n-oclcserc |
| 942 ## - ADDED ENTRY ELEMENTS (KOHA) | |
| Source of classification or shelving scheme | |
| Koha item type | Book |
| Withdrawn status | Lost status | Source of classification or shelving scheme | Damaged status | Not for loan | Collection code | Permanent Location | Current Location | Date acquired | Total Checkouts | Total Renewals | Full call number | Barcode | Date last seen | Date last checked out | Price effective from | Koha item type |
|---|---|---|---|---|---|---|---|---|---|---|---|---|---|---|---|---|
| Central Library (CL) | Central Library (CL) | 09/21/2015 | 2 | 3 | 631.5 BAT | ASAB1945 | 01/26/2026 | 09/09/2025 | 09/21/2015 | Book |
